Essentials of Geochemistry

Updated throughout with the latest data and findings, the Second Edition of Essentials of Geochemistry provides students with a solid understanding of the fundamentals of and approaches to modern geochemical analysis. The text uses a concepts of chemical equilibrium approach, which considers the rea...

Full description

Bibliographic Details
Main Author: Walther, John V.
Format: Book
Language:Spanish
English
Edition:2nd. ed
Subjects:

MARC

LEADER 00000nam a2200000 a 4500
003 Ucuenca
005 20230308185743.0
008 014092|2009 ||||||||r|||||||||||spa||
020 |a 9780763759223 
040 |b spa 
041 0 |a eng 
082 0 |a 551.9 
100 1 |a Walther, John V.  |9 119539 
245 |a Essentials of Geochemistry  |c John V. Walther  |h imp 
250 |a 2nd. ed 
264 |a boston  |b Jones and Bartlett Publishers  |c 2009 
300 |a 797 páginas:  |b ilu  |c 23 cm 
520 3 |a Updated throughout with the latest data and findings, the Second Edition of Essentials of Geochemistry provides students with a solid understanding of the fundamentals of and approaches to modern geochemical analysis. The text uses a concepts of chemical equilibrium approach, which considers the reactions that occur as a result of changes in heat production and pressure within the Earth to introduce students to the basic geochemical principles. This text is for those who want a quantitative treatment that integrates the principles of thermodynamics, solution chemistry, and kinetics into the study of earth processes 
650 |a Geoquimica  |9 12891 
650 0 |a Termodinámica  |9 12484 
650 |a Geochemistry  |9 119540 
852 |a UC-YANUNCAY  |f Donación  |l 1  |m General  |p 20140925  |q 10.00  |r 2  |t Si1558  |v agro  |b 0  |d CDRY  |e CDRY  |g 551.9 SALA 1 AGROPECUARIAS  |z 2014-40-92 
856 |a http://sibuc.ucuenca.edu.ec/portada/Si1558.jpg 
942 |c BK 
999 |c 70577  |d 70577